| 000 | 00585aas a2200181 4500 | ||
|---|---|---|---|
| 999 |
_c50092 _d50092 |
||
| 001 | 768714001 | ||
| 003 | CO-MdFUSB | ||
| 005 | 20170912114231.0 | ||
| 008 | 170912s2000 ag ||||| |||| 00| 0 spa d | ||
| 022 | _a0326-6737 | ||
| 040 |
_aCO-MdFUSB _bspa _cCO-MdFUSB _dCO-MdFUSB |
||
| 041 | _aspa | ||
| 100 | 1 |
_aCroatto, José Severino _eautor |
|
| 245 | 1 | 0 |
_aLucifer : _b¿Satanás o Jesús? _c/ Croatto, José Severino |
| 300 |
_aVolumen 21 (2002), páginas 85-104 _c: 23 cm. |
||
| 773 | 0 |
_tCuadernos de Teología _049404 _959700 _gVolumen 21 (2002), páginas 85-104 _qPágina 85 |
|
| 942 | _cANA | ||